A intentona em Nova York /
Salvato in:
| Autore principale: | |
|---|---|
| Natura: | Sconosciuto |
| Lingua: | Portuguese |
| Pubblicazione: |
Brasil :
Humanidades,
c1997.
|
| Serie: | (Série Prometeu)
|
| Soggetti: | |
| Tags: |
Aggiungi Tag
Nessun Tag, puoi essere il primo ad aggiungerne!!
|
MARC
| LEADER | 000000000a22000000004500 | ||
|---|---|---|---|
| 001 | 004432 | ||
| 020 | |a 8523004866 | ||
| 041 | 0 | |a por | |
| 082 | 0 | 4 | |a 335.5 |b C215i |
| 100 | 1 | |a Cancelli, Elizabeth | |
| 245 | 1 | 2 | |a A intentona em Nova York / |c Elizabeth Cancelli. |
| 260 | 1 | |a Brasil : |b Humanidades, |c c1997. | |
| 300 | |a 154 páginas : |b ilustraciones | ||
| 490 | 1 | |a (Série Prometeu) | |
| 500 | |a Colección George Yúdice | ||
| 650 | 4 | |a COMUNISMO | |
| 650 | 4 | |a NUEVA YORK (ESTADOS UNIDOS) | |
| 650 | 4 | |a BRASIL | |
| 999 | |c 10593 |d 10593 | ||
| 942 | |c BK |h 335.5 C215i |2 z | ||



